Welcome to WEB OPAC of MRSPTU Central Library

Tensor calculus and riemannuan geometry (Record no. 6223)

MARC details
000 -LEADER
fixed length control field 00395nam a2200157Ia 4500
008 - FIXED-LENGTH DATA ELEMENTS--GENERAL INFORMATION
fixed length control field 230711s9999||||xx |||||||||||||| ||und||
041 ## - LANGUAGE CODE
Language code of text/sound track or separate title ENG
082 ## - DEWEY DECIMAL CLASSIFICATION NUMBER
Classification number 515
Item number AG-T
100 ## - MAIN ENTRY--PERSONAL NAME
Personal name Agarwal.D.C
245 #0 - TITLE STATEMENT
Title Tensor calculus and riemannuan geometry
250 ## - EDITION STATEMENT
Edition statement 27th Ed.
260 ## - PUBLICATION, DISTRIBUTION, ETC.
Date of publication, distribution, etc. 2016
Place of publication, distribution, etc. New Delhi
Name of publisher, distributor, etc. Vikas Publishing House Pvt Ltd.
300 ## - PHYSICAL DESCRIPTION
Extent 291p.
650 ## - SUBJECT ADDED ENTRY--TOPICAL TERM
Topical term or geographic name entry element Mathematics
942 ## - ADDED ENTRY ELEMENTS (KOHA)
Koha item type Book
Holdings
Withdrawn status Lost status Damaged status Not for loan Collection Home library Current library Date acquired Cost, normal purchase price Inventory number Total checkouts Full call number Barcode Date last seen Price effective from Koha item type Date last checked out Date due
          MRSPTU Central Library MRSPTU Central Library   190.00 KBD/2016-2017/963142808   515 AG-T 34965 08/17/2023 08/17/2023 Book    
          MRSPTU Central Library MRSPTU Central Library   190.00 KBD/2016-2017/963142808   515 AG-T 34966 08/17/2023 08/17/2023 Book    
          MRSPTU Central Library MRSPTU Central Library   190.00 KBD/2016-2017/963142808 1 515 AG-T 34967 03/24/2026 08/17/2023 Book 02/27/2026  
          MRSPTU Central Library MRSPTU Central Library   190.00 KBD/2016-2017/963142808   515 AG-T 34968 08/17/2023 08/17/2023 Book    
          MRSPTU Central Library MRSPTU Central Library   190.00 KBD/2016-2017/963142808 1 515 AG-T 34969 03/19/2026 08/17/2023 Book 03/19/2026 04/09/2026
          MRSPTU Central Library MRSPTU Central Library   190.00 KBD/2016-2017/963142808 2 515 AG-T 34970 09/19/2025 08/17/2023 Book 08/29/2025  

Website Designed and Developed by MRSPTU Central Library Team

E-mail Id: librarian@mrsptu.ac.in